Queensland Parliament Government Ministers - Statistics

General Stats
  • This quiz has been taken 7 times
  • The average score is 13 of 19
Answer Stats
Position Party Electorate Member % Correct
Premier, Minister for the Olympic and Paralympic Games ALP Inala Annastacia Palaszczuk
100%
Treasurer, Minister for Trade and Investment ALP Woodrige Cameron Dick
80%
Speaker of the House ALP Mulgrave Curtis Pitt
80%
Minister for Education, Minister for Industrial Relations, Minister for Racing ALP McConnel Grace Grace
80%
Minister for Treaty, Minister for Aboriginal and Torres Strait Islander Partnerships, Minister for Communities, Minister for the Arts ALP Algester Leeanne Enoch
80%
Minister for Agricultural Industry Development and Fisheries, Minister for Rural Communities ALP Ferny Grove Mark Furner
80%
Minister for Health, Mental Health and Ambulance Services, Minister for Women ALP Waterford Shannon Fentiman
80%
Deputy Premier, Minister for State Development, Infrastructure, Local Government and Planning, Minister Assisting the Premier on Olympic and Paralympic Games Infrastructure ALP Murrumba Steven Miles
80%
Attorney-General and Minister for Justice and Minister for the Prevention of Domestic and Family Violence ALP Redcliffe Yvette D'Ath
80%
Minister for Employment and Small Business, Minister for Training and Skills Development, Minister for Youth Justice ALP Bulimba Dianne Farmer
60%
Minister for Regional Development and Manufacturing, Minister for Water ALP Gladstone Glenn Butcher
60%
Minister for the Environment and the Great Barrier Reef, Minister for Science, Minister for Multicultural Affairs ALP Nudgee Leanne Linard
60%
Minister for Police and Corrective Services, Minister for Fire and Emergency Services ALP Morayfield Mark Ryan
60%
Minister for Housing ALP Gaven Meaghan Scanlon
60%
Minister for Energy, Renewables and Hydrogen, Minister for Public Works and Procurement ALP Springwood Michael de Brenni
60%
Minister for Tourism, Innovation and Sport, Minister Assisting the Premier on Olympics and Paralympics Sport and Engagement ALP Sandgate Stirling Hinchliffe
60%
Minister for Child Safety and Minister for Seniors and Disability Services ALP Barron River Craig Crawford
40%
Minister for Transport and Main Roads, Minister for Digital Services ALP Miller Mark Bailey
40%
Minister for Resources ALP Townsville Scott Stewart
40%
No matching quizzes found
Score Distribution
Percent of People with Each Score
Percentile by Number Answered
Your Score History
You have not taken this quiz